| 000 | 00762nam a22002175i 4500 | ||
|---|---|---|---|
| 001 | 152305 | ||
| 003 | ES-MaACL | ||
| 005 | 20260509181302.0 | ||
| 008 | 051014s1888 fr ac | |||||||| ||fre d | ||
| 040 |
_aCAM _bspa _cCAM |
||
| 100 | 1 |
_aBoissier, Gaston. _929869 |
|
| 245 | 1 | 0 |
_aMme de Sévigné / _cpar Gaston Boissier. |
| 250 | _a3e éd. | ||
| 260 |
_aParis : _bLibrairie Hachette et C., _c1888 ( _eCoulommiers : _fImp. P. Brodard et Gallois) |
||
| 300 |
_a165 p., [1] h. de lám. ; _c19 cm. |
||
| 490 | 1 | _aLes grands écrivains français | |
| 600 | 1 | 7 |
_aSevigné, Marie de Rabutin-Chantal, _cmarquise de, _d1626-1696 _9132692 |
| 830 | 0 |
_aLes grands écrivains français _9182230 |
|
| 852 |
_aES-MaACL _jB-3190 _z-- Enc. pasta española |
||
| 999 |
_c152305 _d152305 |
||